|
|
|
|
| LEADER |
00000naa2a2200000 4500 |
| 001 |
76200 |
| 005 |
20231031091451.0 |
| 035 |
|
|
|a (RuTPU)RU\TPU\book\81434
|
| 090 |
|
|
|a 76200
|
| 100 |
|
|
|a 20050413d2000 k y0rusy50 ca
|
| 101 |
0 |
|
|a rus
|
| 102 |
|
|
|a RU
|
| 200 |
1 |
|
|a Методика и алгоритмы оптимизационного расчёта эквивалентов подсистем ЭЭС по совокупности параметров режимов
|f О. А. Мастерова, Ю. В. Хрущев
|
| 463 |
|
1 |
|0 (RuTPU)RU\TPU\book\25688
|t Современные техника и технологии
|o Труды VI международной научно-практической конференции студентов, аспирантов и молодых ученых, 28 февраля - 3 марта 2000 года, Томск
|f М-во образования РФ; ТПУ
|v С. 26-27.
|d 2000
|p 478 с.
|
| 610 |
1 |
|
|a алгоритмы
|
| 610 |
1 |
|
|a оптимизационный расчёт
|
| 610 |
1 |
|
|a электроэнергетические системы
|
| 610 |
1 |
|
|a параметры режимов
|
| 610 |
1 |
|
|a эквиваленты подсистем
|
| 610 |
1 |
|
|a труды учёных ТПУ
|
| 700 |
|
1 |
|a Мастерова
|b О. А.
|c специалист в области электроэнергетики
|c доцент Томского политехнического университета, кандидат технических наук
|f 1964-
|g Ольга Альбертовна
|2 stltpush
|3 (RuTPU)RU\TPU\pers\27988
|
| 701 |
|
1 |
|a Хрущёв
|b Ю. В.
|c специалист в области электроэнергетики
|c профессор Томского политехнического университета, доктор технических наук
|f 1942-
|g Юрий Васильевич
|2 stltpush
|3 (RuTPU)RU\TPU\pers\26724
|
| 801 |
|
1 |
|a RU
|b 63413507
|c 20050413
|g PSBO
|
| 801 |
|
2 |
|a RU
|b 63413507
|c 20131002
|g RCR
|
| 942 |
|
|
|c BK
|